Charmed - Saison 2 - Statistiques

Statistiques générales
  • Ce quiz a été pris 198 fois
  • Le résultat moyen est 10 sur 15
Statistiques - réponses
Hint Réponse % Correct
La saison voit un combat permanent entre Dan et Leo pour le cœur de Piper. Qui le remportera finalement ? Leo
99%
Elles y sont envoyées car une des trois soeurs va être brûlée vive. Laquelle ? Phoebe
95%
Comment s'appelle le nouveau club qu'a ouvert Piper ? P3
94%
Quelle sœur tombe dans le coma à cause d'un fruit exotique interdit ? Piper
94%
Quelle sœur, ôtée de ses pouvoirs, meurt tuée par un démon ? Prue
87%
Comment s'appelle l'homme avec qui Piper entretient une relation pendant cette saison ? Dan
86%
Prue souhaite involontairement un vœu ; celui de retourner à sa jeunesse. Son vœu étant exaucé, quel âge a-t-elle désormais pour la majeure partie de l'épisode ? 17
80%
Lors de l'épisode 2, les trois sœurs sont téléportées dans le futur. En quelle année se retrouvent-elles ? 2009
68%
L'épisode 8 nous remontre la scène de la mort de la mère des trois sœurs, Patty. En quelle année meurt-elle ? 1978
66%
Quel pouvoir Prue a-t-elle acquis (donner le nom exact) ? Projection astrale
57%
Phoebe, grâce (ou plutôt à cause) de son vœu, reçoit involontairement un nouveau pouvoir. Lequel (donner le nom exact) ? Lévitation
40%
Dans le dernier épisode, un génie apparaît et leur propose de réaliser à chacune un vœu, pour finalement les tuer. Par qui est-il envoyé ? La Triade
34%
Lors de l'épisode 14, Phoebe est transportée plusieurs fois dans un autre corps, dans les années 1920, qui est celui de sa ... ? Vie antérieure
30%
Un docteur reçoit accidentellement les pouvoirs des trois sœurs. Quel est son nom de famille ? Williamson
23%
Comment s'appelait le démon ? Dragon
18%
Aucun quiz correspondant
Distribution des résultats
% des personnes avec chaque résultat
Percentile par nombre de réponses
Votre historique - résultats
Vous n’avez pas pris ce quiz